2666
Uloženo v:
| Hlavní autor: | |
|---|---|
| Médium: | Kniha |
| Jazyk: | španělština |
| Vydáno: |
Barcelona
Anagrama
2008
|
| Vydání: | 1a. ed |
| Edice: | Colección Compactos, 462
|
| Témata: | |
| Tagy: |
Přidat tag
Žádné tagy, Buďte první, kdo vytvoří štítek k tomuto záznamu!
|
MARC
| LEADER | 00000cam a2200000 a 4500 | ||
|---|---|---|---|
| 001 | UCG2808 | ||
| 003 | CL-VaPUC | ||
| 008 | 100723e20080000SP |||||||||||||||||spa|d | ||
| 020 | |a 9788433973184 | ||
| 082 | 0 | 4 | |a Ch863 |b BOL |2 21 |
| 100 | 0 | |a Bolaño, Roberto |e author |9 551431 | |
| 245 | 1 | 0 | |a 2666 |
| 250 | |a 1a. ed | ||
| 300 | |a 1125 p | ||
| 942 | |c BK | ||
| 945 | |d 20100723 00:00:00 |a mfarfan | ||
| 260 | |a Barcelona |b Anagrama |c 2008 | ||
| 650 | 0 | |a Novelas chilenas |9 265425 | |
| 650 | 0 | |a Literatura chilena |9 308278 | |
| 650 | 0 | |a Escritores chilenos |9 420370 | |
| 583 | |a last modification |c 20131125 06:55:05 |k Rodrigo Vera | ||
| 490 | 0 | |a Colección Compactos, 462 | |
| 999 | |c 341931 |d 341929 | ||
| 952 | |0 0 |1 0 |4 0 |6 CH_863_000000000000000_BOL_2008 |7 0 |8 R |9 437785 |a BIBEDU |b BIBEDU |c MCIRC |d 2019-11-22 |i 4698975 |o Ch863 BOL 2008 |p 4698975 |r 2023-01-13 |w 2019-11-22 |y BK_R |k LIT | ||
| 952 | |0 0 |1 0 |4 0 |6 CH_863_000000000000000_BOL_2008 |7 0 |8 R |9 437786 |a BIBEDU |b BIBEDU |c MCIRC |d 2019-11-22 |i 4698983 |l 1 |m 1 |o Ch863 BOL 2008 |p 4698983 |r 2024-08-09 |s 2024-08-05 |w 2019-11-22 |y BK_R |k LIT | ||
| 952 | |0 0 |1 0 |4 0 |6 CH_863_000000000000000_BOL_2008 |7 0 |8 R |9 437787 |a FDOPOS |b BIBEDU |c MCIRC |d 2019-11-22 |i 4817583 |l 3 |m 2 |o Ch863 BOL 2008 |p 4817583 |r 2024-11-11 |s 2024-10-23 |w 2019-11-22 |y BK |k DLH | ||